000 03033cas a2200769 i 4500
001 20841070
003 OSt
005 20211108163744.0
006 m o d
007 cr un|||||||||
008 190206c20029999ii tr p o 0 0eng
010 _a 2020207507
015 _aGBA418396
_2bnb
015 _aGBB400015
_2bnb
016 7 _a025652230
_2DE-101
016 7 _a2136100-9
_2DE-600
016 7 _a010489319
_2Uk
016 7 _a016566608
_2Uk
022 _a0973-0710
_l0972-6527
035 _a(OCoLC)ocm60626807
037 _aEMF
_bSage (UK) Ltd
040 _aOCLCS
_beng
_erda
_epn
_cOCLCS
_dKSU
_dOCLCQ
_dCUS
_dOCLCA
_dOCLCQ
_dOCLCF
_dGPM
_dNLE
_dOCLCQ
_dZ5A
_dU3W
_dOCLCQ
_dUKMGB
_dYOU
_dVT2
_dNJT
_dWURST
_dOCLCQ
_dDLC
042 _apcc
043 _ad------
050 0 0 _aHG3550
050 1 4 _aHG5993
082 0 4 _a332.09172405
_223
245 0 0 _aJournal of emerging market finance.
246 3 _aJEMF
264 1 _a[New Delhi] :
_bSage,
_c[2002]-
310 _aThree no. a year
336 _atext
_btxt
_2rdacontent
337 _acomputer
_bc
_2rdamedia
338 _aonline resource
_bcr
_2rdacarrier
520 3 _aThe Journal of Emerging Market Finance is a forum for debate and discussion on the theory and practice of finance in emerging markets. While the emphasis is on articles that are of practical significance, the journal also covers theoretical and conceptual aspects relating to emerging financial markets.
538 _aMode of access: World Wide Web.
540 _aCurrent copyright fee: GBP30.24
_c19\0.
_5Uk
588 0 _aPrint version record.
588 1 _aVolume 19, issue 2 (August 2020) (SAGE Journals, viewed August 3, 2020).
650 0 _aBanks and banking
_zDeveloping countries
_vPeriodicals.
_99977
650 0 _aFinancial institutions
_zDeveloping countries
_vPeriodicals.
_99978
650 0 _aSecurities
_zDeveloping countries
_vPeriodicals.
_99979
650 7 _aBanks and banking.
_2fast
_0(OCoLC)fst00826867
_99980
650 7 _aFinancial institutions.
_2fast
_0(OCoLC)fst00924636
_99981
650 7 _aSecurities.
_2fast
_0(OCoLC)fst01110743
_99982
650 7 _aFinanzmarkt.
_2stw
_99983
650 7 _aAufstrebende Märkte.
_2stw
_99984
651 7 _aDeveloping countries.
_2fast
_0(OCoLC)fst01242969
_99985
653 0 0 _afinance
653 0 0 _amarkten
653 0 0 _amarkets
653 0 0 _afinancieel beheer
653 0 0 _afinancial management
653 0 0 _ageldmarkt
653 0 0 _amoney market
653 1 0 _aFinancial Management, Accountancy
653 1 0 _aFinancieel beheer, accountancy
655 0 _aElectronic journals.
_99986
655 7 _aPeriodicals.
_2fast
_0(OCoLC)fst01411641
_99987
710 2 _aIndustrial Credit and Investment Corporation of India,
_eissuing body.
_99988
776 0 8 _tJournal of emerging market finance
_x0972-6527
_w(DLC) 2003234232
_w(OCoLC)52503069
906 _a7
_bcbc
_cserasst
_d2
_encip
_f20
_gn-oclcserc
942 _2ddc
_cPR
_s1
999 _c220454
_d220454